[Event "LSS ZN-2010-0-00991"]
[Site "LSS email"]
[Date "2010.04.13"]
[Round "?"]
[White "Brus, Hartmut"]
[Black "Fuller, Christopher"]
[Result "1-0"]
[WhiteElo "1098"]
[BlackElo "902"]
[PlyCount "79"]
[EventDate "2010.04.10"]
[EventType "match (corr)"]
[EventRounds "2"]
[EventCountry "GER"]
[SourceTitle "Telechess CBM 141"]
[Source "ChessBase"]
[SourceDate "2011.03.17"]
[SourceVersion "1"]
[SourceVersionDate "2011.03.17"]
[SourceQuality "1"]

1. e4 e5 2. Nf3 Nc6 3. Bb5 a6 4. Bxc6 dxc6 5. Nxe5 Qd4 6. Nf3 Qxe4+ 7. Qe2 Qxe2+ 8. Kxe2 Be6 9. d3 0-0-0 10. Re1 Re8 11. Kf1 Nf6 12. Ng5 Bd6 13. Bd2 Ng4 14. h3 Ne5 15. Nc3 h6 16. Nxe6 Rxe6 17. f4 Ng6 18. g3 h5 19. Kg2 Rxe1 20. Rxe1 b5 21. Ne4 f5 22. Nxd6+ cxd6 23. Re6 Rh6 24. Re8+ Kc7 25. Rg8 Ne7 26. Rxg7 Kd7 27. c4 bxc4 28. dxc4 d5 29. Bb4 Ke6 30. Rxe7+ Kf6 31. cxd5 cxd5 32. Ra7 a5 33. Bxa5 d4 34. Ra6+ Kg7 35. Rxh6 Kxh6 36. b4 d3 37. b5 Kg6 38. b6 Kf7 39. b7 Ke7 40. b8Q 1-0

[Event "LSS ZN-2010-0-00991"]
[Site "LSS email"]
[Date "2010.04.13"]
[Round "?"]
[White "Fuller, Christopher"]
[Black "Brus, Hartmut"]
[Result "0-1"]
[WhiteElo "895"]
[BlackElo "1138"]
[PlyCount "98"]
[EventDate "2010.04.10"]
[EventType "match (corr)"]
[EventRounds "2"]
[EventCountry "GER"]
[SourceTitle "Telechess CBM 141"]
[Source "ChessBase"]
[SourceDate "2011.03.17"]
[SourceVersion "1"]
[SourceVersionDate "2011.03.17"]
[SourceQuality "1"]

1. e4 e5 2. Bd3 Nf6 3. Nf3 d5 4. exd5 e4 5. Qe2 Qe7 6. d6 cxd6 7. Bb5+ Nbd7 8. Nd4 Qe5 9. Nb3 a6 10. Bxd7+ Bxd7 11. 0-0 d5 12. d3 Bb4 13. Bd2 Bxd2 14. Qxd2 Qxb2 15. dxe4 dxe4 16. Qd6 Be6 17. Na3 Rd8 18. Qc5 Rd5 19. Qb4 a5 20. Qxb7 Qxa3 21. c4 Rd8 22. Qb5+ Nd7 23. Nxa5 Rc8 24. Nc6 Qc5 25. Na5 Rb8 26. Qxc5 Nxc5 27. Rfd1 Nd3 28. f3 f5 29. Nc6 Rb6 30. Nd4 Bxc4 31. Nxf5 exf3 32. gxf3 0-0 33. Ne7+ Kf7 34. Nf5 Rg6+ 35. Ng3 h5 36. Rdb1 h4 37. Rb7+ Kg8 38. Rc7 hxg3 39. Rxc4 Ne5 40. Rc3 Nxf3+ 41. Rxf3 gxh2+ 42. Kxh2 Rxf3 43. a4 Rf5 44. Ra3 Rh5+ 45. Rh3 Rxh3+ 46. Kxh3 Kf7 47. a5 Ra6 48. Kg4 Kf6 49. Kf4 Rxa5 0-1

[Event "OP-2010-0-01134"]
[Site "LSS email"]
[Date "2010.04.12"]
[Round "?"]
[White "Jacobi, Peter"]
[Black "Brus, Hartmut"]
[Result "1-0"]
[WhiteElo "800"]
[BlackElo "1010"]
[PlyCount "71"]
[EventDate "2010.04.07"]
[EventType "tourn (corr)"]
[EventRounds "4"]
[EventCountry "GER"]
[SourceTitle "Corr 2013"]
[Source "ChessBase"]
[SourceDate "2012.11.12"]
[SourceVersion "1"]
[SourceVersionDate "2012.11.12"]
[SourceQuality "1"]

1. e4 e5 2. Nf3 Nc6 3. Bb5 a6 4. Ba4 Nf6 5. 0-0 b5 6. Bb3 Bb7 7. Nc3 Bd6 8. d3 0-0 9. a4 Na5 10. axb5 Nxb3 11. cxb3 axb5 12. Rxa8 Qxa8 13. Nxb5 Be7 14. Qc2 Qa6 15. Nc3 Ng4 16. h3 Nf6 17. Nxe5 d5 18. Bg5 dxe4 19. dxe4 h6 20. Bxf6 Bxf6 21. Nd7 Re8 22. Nd5 Bd4 23. Qxc7 Rxe4 24. Nc3 Re7 25. Qd8+ Kh7 26. Nf8+ Kg8 27. Ng6+ Kh7 28. Nxe7 Qa8 29. Qxd4 Qe8 30. Re1 Bc8 31. Qe4+ f5 32. Qa8 Bd7 33. Qxe8 Bxe8 34. Nxf5 Bd7 35. Nxg7 Bc6 36. Re7 1-0

[Event "LSS ZN-2010-0-00990"]
[Site "LSS email"]
[Date "2010.04.12"]
[Round "?"]
[White "Seillier, Thierry"]
[Black "Brus, Hartmut"]
[Result "0-1"]
[WhiteElo "800"]
[BlackElo "1055"]
[PlyCount "48"]
[EventDate "2010.04.10"]
[EventType "match (corr)"]
[EventRounds "2"]
[EventCountry "GER"]
[SourceTitle "Telechess CBM 141"]
[Source "ChessBase"]
[SourceDate "2011.03.17"]
[SourceVersion "1"]
[SourceVersionDate "2011.03.17"]
[SourceQuality "1"]

1. d4 Nf6 2. c4 e6 3. Nc3 Bb4 4. e3 0-0 5. Nf3 c5 6. Be2 d5 7. 0-0 Nc6 8. Na4 cxd4 9. exd4 dxc4 10. Bxc4 Na5 11. b3 Nxc4 12. bxc4 b6 13. Qb3 Be7 14. Rd1 Ba6 15. Ne5 Rc8 16. Be3 Qc7 17. Rac1 Bd6 18. Bf4 Nh5 19. g3 Nxf4 20. gxf4 Bb7 21. c5 bxc5 22. Nxc5 Bd5 23. Qa3 f6 24. Ned3 Qf7 0-1